000 00203nam a22001097a 4500
999 _c153869
_d153869
082 _a
_b
245 _aUGC, NET, SET, JRF hindi/
260 _a
_b
_c
300 _a424p.
650 _a
942 _cBK